[Event "PAN-ch"]
[Site "Panama"]
[Date "2012.06.10"]
[Round "5"]
[White "Leon Archibaldo, Orlando Andres"]
[Black "Cantilo Paz, Agustin"]
[Result "0-1"]
[WhiteElo "2090"]
[BlackElo "2022"]
[PlyCount "68"]
[EventDate "2012.06.07"]
[EventType "tourn"]
[EventRounds "9"]
[EventCountry "PAN"]
[SourceTitle "CBM 149 Extra"]
[Source "ChessBase"]
[SourceDate "2012.08.24"]
[SourceVersion "1"]
[SourceVersionDate "2012.08.24"]
[SourceQuality "1"]

1. e4 Nf6 2. Nc3 d5 3. e5 Nfd7 4. e6 fxe6 5. d4 c5 6. dxc5 Nc6 7. Nf3 g6 8. Bb5 Bg7 9. Qe2 Nxc5 10. Ne5 0-0 11. Bxc6 bxc6 12. Nxc6 Qd6 13. Nb4 Rb8 14. Nd3 Ba6 15. 0-0 e5 16. Qg4 Nxd3 17. cxd3 Bxd3 18. Rd1 Bf5 19. Qh4 Rb4 20. Qg3 d4 21. f3 Bc2 22. Ne4 Qb6 23. Re1 Bxe4 24. Rxe4 Rc4 25. b3 Rc2 26. Bg5 Rfc8 27. Ree1 Bf6 28. Bh6 d3+ 29. Be3 Qa6 30. a4 d2 31. Red1 Qd3 32. Qf2 e4 33. Rab1 R8c3 34. Bxa7 Rc1 0-1

[Event "Panama op 1st"]
[Site "Panama City"]
[Date "2011.11.03"]
[Round "2"]
[White "Quinonez Centeno, Carlos David"]
[Black "Cantilo Paz, Agustin"]
[Result "1-0"]
[WhiteElo "2315"]
[BlackElo "2071"]
[PlyCount "95"]
[EventDate "2011.11.03"]
[EventType "swiss"]
[EventRounds "9"]
[EventCountry "PAN"]
[SourceTitle "EXT 2012"]
[Source "ChessBase"]
[SourceDate "2011.11.24"]
[SourceVersion "1"]
[SourceVersionDate "2011.11.24"]
[SourceQuality "1"]

1. e4 Nf6 2. e5 Nd5 3. c4 Nb6 4. d4 d6 5. exd6 cxd6 6. Nc3 g6 7. h3 Bg7 8. Nf3 0-0 9. Be3 Nc6 10. Rc1 Bf5 11. Be2 d5 12. b3 e5 13. cxd5 Nxd5 14. Nxd5 Qxd5 15. dxe5 Qa5+ 16. Qd2 Qxd2+ 17. Nxd2 Bxe5 18. Nc4 Bc7 19. 0-0 Rfe8 20. Rfd1 Rad8 21. Bf3 Be4 22. Rxd8 Nxd8 23. Bxe4 Rxe4 24. Bxa7 Re2 25. a4 Nc6 26. Be3 f5 27. Kf1 Ra2 28. Rd1 f4 29. Bc5 Rc2 30. Rd7 Be5 31. Rxb7 Bd4 32. Rc7 Bxc5 33. Rxc6 Bxf2 34. Ne5 Ra2 35. Rc8+ Kg7 36. Rc7+ Kg8 37. Rd7 Be3 38. Ng4 Bc5 39. Nf6+ Kf8 40. Nxh7+ Ke8 41. Nf6+ Kf8 42. Ng4 Rb2 43. Rd3 Ke7 44. g3 Bd6 45. gxf4 Bxf4 46. Ne3 Ke6 47. Nc4 Ra2 48. Rf3 1-0